00851nam a22002292i 450000100060000000300080000600500170001400800410003103500190007204000320009104100080012308200260013110000370015724501160019426000610031030000340037150400200040565000250042594200120045099900170046295201420047911363BD-RjUL20211208235119.0140126s1958 xxk 001 0 eng d a(BD-RjUL)11412 aUKMcUKMdEQOdBD-RjULbeng aeng a574.974218bFIT 19621 aFisher, Gilbert Dempster.93512614aThe teacher's book of nature study /cwith three lessons on the sea-shore written and illustrated by John Smyth aChambers :bW. & R. Cha. Ltd. ,cc1958 [3rd. imp. 1962]. aviii, 328 p. :bill. ;c21 cm aIncludes index. aNature study.935127 2ddccBK c11363d11363 00102ddc40718NFICaRUCLbRUCLcReadingd1963-11-10eEuro - Pok.g28.44l0o574.974 FIT 1962r2014-01-26 00:00:00tC-1w2014-01-26yBK